Score des match historique du Stade Rennais - Statistiques

Statistiques générales
  • Ce quiz a été pris 104 fois
  • Le résultat moyen est 8 sur 10
Statistiques - réponses
Hint Réponse % Correct
Rennes - Arsenal (2019) 3-1
100%
Rennes - Milan (2024) 3-2
98%
Rennes - Juventus (1999) 2-2
96%
Rennes - PSG (CDF 2019) 2-2
96%
Rennes - Sedan (CDF 1965) 2-2
96%
Betis - Rennes 1-3
86%
Rennes - Atletico Madrid 1-1
85%
Rennes - Krasnodar (UCL 2021) 1-1
85%
Rennes - Lyon (CDF 1971) 1-0
78%
Rennes - CS des terreaux (CDA 1916) 7-1
24%
Aucun quiz correspondant
Distribution des résultats
% des personnes avec chaque résultat
Percentile par nombre de réponses
Votre historique - résultats
Vous n’avez pas pris ce quiz